| 000 | 00743cab a2200205 4500 | ||
|---|---|---|---|
| 001 | ##L132253 | ||
| 008 | 060123n2006 000 0 eng u | ||
| 035 | _a(Sirsi) u132253 | ||
| 041 | 0 | _aeng | |
| 245 | 0 | 0 |
_aHousing/residential landlord and tenant _bcase updater |
| 260 | _c2006 | ||
| 490 | 0 |
_aEMIS Property Service _v4(1) January 2006, 11-12(2) |
|
| 520 | _aLaw summaries in the housing and residental landlord and tenant area featuring cases on statutory nuisance and right to buy. | ||
| 590 | _aIKA310106 | ||
| 650 | 2 | 4 | _aR (VELLA) V LAMBETH LBC |
| 650 | 2 | 4 | _aISLINGTON LBC V DORNAN |
| 690 | _aPROPERTY-RESIDENTIAL PROPERTY-RESIDENTIAL PROPERTY TENURE-LEASEHOLD RESIDENTIAL PROPERTY | ||
| 700 | 1 | _aKilcoyne, Desmond | |
| 942 | _n0 | ||
| 999 |
_c76375 _d76375 |
||